• 首页
  • 本馆介绍
  • 公告通知
  • 最新文献
  • 馆藏检索
  • 电子资源
  • 读者导购
  • 参考咨询
  • 我的图书馆
  • 登录
  • 详细信息显示
  • 放入我的书架
  • 预约/预借图书
  • 作者相关作品
  • 分类相关作品
  • 丛书相关作品
  • 出版社相关作品

书目信息

  • 表格格式
  • 工作单格式
  • 卡片格式
题名:
AutoCAD 2004工程制图教程与上机实训
    
 
作者: 舒飞 编著
分册:  
出版信息: 北京   中国铁道出版社  2004
页数: 326页
开本: 26cm
丛书名:
单 册:
中图分类: TB237
科图分类:
主题词: 工程制图--制图程序--职业教育--教材 , 工程制图 , 制图程序
电子资源:
ISBN: 7-113-06164-8
000 00962nam0 2200289 450
001 002763879
005 20070807162246.34
010    @a7-113-06164-8@dCNY30.00
035    @a002763879
100    @a20041117d2004 em y0chiy0110 ea
101 0  @achi
102    @aCN@b110000
105    @ay z 000yy
106    @ar
200 1  @aAutoCAD 2004工程制图教程与上机实训@AAutoCAD 2004 gong cheng zhi tu jiao cheng yu shang ji shi xun@f舒飞编著@Fshu fei bian zhu
210    @a北京@c中国铁道出版社@d2004
215    @a326页@d26cm
300    @a计算机职业教育实训教程系列
330    @a本书介绍了如何使用当前最流行的计算机辅助软件AutoCAD(中文版)来绘制各种各样的工程图纸,书中绝大多数知识点都配有适合上机操作的例子。
606 0  @a工程制图@x制图程序@x职业教育@j教材
606 0  @a工程制图
606 0  @a制图程序
610 0  @aAutoCAD
690    @aTB237@v4
701  0 @a舒飞@Ashu fei@c(注塑产品设计)@4编著
801  0 @aCN@bNLC@c20070807
905    @dTB237@e144@f4
    
    AutoCAD 2004工程制图教程与上机实训/舒飞编著.-北京:中国铁道出版社,2004
    326页;26cm
    计算机职业教育实训教程系列
    
    ISBN 7-113-06164-8:CNY30.00
    本书介绍了如何使用当前最流行的计算机辅助软件AutoCAD(中文版)来绘制各种各样的工程图纸,书中绝大多数知识点都配有适合上机操作的例子。
●
相关链接 在E读中查询图书 在五车中查询图书 在当当中查询图书 在豆瓣中查询图书


正题名:AutoCAD 2004工程制图教程与上机实训     索取号:TB237/144         预约/预借

序号 登录号 条形码 馆藏地/架位号 状态 备注
1 0853489   208534898   第二样本阅览室/ [索取号:TB237/144] 在馆    
2 0853490   208534905   第三借阅区/ [索取号:TB237/144] 在馆    
3 0853491   208534914   第三借阅区/ [索取号:TB237/144] 在馆    
4 0853492   208534923   第三借阅区/ [索取号:TB237/144] 在馆    
唐山师范学院图书馆 欢迎您!
大连网信软件有限公司© 版权所有